[Event "Morelia/Linares 25th"]
[Site "Morelia/Linares"]
[Date "2008.02.20"]
[Round "5"]
[White "Aronian, Levon"]
[Black "Shirov, Alexei"]
[Result "1/2-1/2"]
[WhiteElo "2739"]
[BlackElo "2755"]
[Annotator "Marin,M"]
[PlyCount "35"]
[EventDate "2008.02.15"]
[EventType "tourn"]
[EventRounds "14"]
[EventCountry "ESP"]
[EventCategory "21"]
[SourceTitle "CBM 123"]
[Source "ChessBase"]
[SourceDate "2008.04.02"]
[SourceVersion "1"]
[SourceVersionDate "2008.04.02"]
[SourceQuality "1"]

1. c4 e5 2. Nc3 Bb4 3. Nd5 Be7 {Is there anything really new on earth? The
first recorded game where this position arose was played in 1872 between
consulting players. However, it took more than 100 years between the variation
was seen again, while the real boom came only in the early '90s.} 4. d4 d6 ({
The aforementioned game went} 4... exd4 $6 5. Bf4 c6 6. Nxe7 Nxe7 7. Qxd4 $16 {
Steinitz/Potter-Kolisch/Meitner/London 1872/EXT 1999/[ChessBase] (1-0, 49).
Judging from the position after the opening, we can understand why this
experiment failed to raise the interest of theoreticians or practicians for
such a long time.}) 5. e4 Nf6 6. Nxe7 Qxe7 7. f3 {White has got the pair of
bishops and an impressive centre. However, none of his remaining pieces is
developed yet! This makes the situation rather double edged. I must confess
that, despite my good results in this line and the considerable amount of time
invested in understanding the resulting positions, I feel confused whenever I
face it again. Indeed, it is not easy to choose the right order of moves and
decide which threats are real and which imaginary.} Nh5 $5 {An early attempt
to break White's centre. Shirov has considerable experience in this whole line,
so that his experiment should be taken with the due seriousness.} 8. Be3 {
It is not easy to decide which piece to develop first; all of them are asking
for it!} ({Facing this position in a blitz game, I went down rather quickly
after} 8. Ne2 O-O $1 9. d5 $6 ({After} 9. Be3 {Black should play} f5 $1 {
, transposing to Lautier,J (2625)-Shirov,A (2705)/Las Palmas 1994/CBM 042/
[Shirov] (1-0, 58) where Black had excellent play out of the opening.}) 9... f5
$1 $36 10. exf5 Bxf5 11. g4 $2 e4 $1 12. gxf5 exf3 $17 {Marin,M-Christiansen,L/
blitz 10', worldchesscetwork.com 2001 (0-1, 37)}) 8... f5 ({But now,} 8... O-O
{is too slow in view of} 9. d5 $1 {, as suggested by Shirov a long time ago.} (
9. Ne2 $6 f5 {was the actual move order played in the aforementioned game
Lautier,J (2625)-Shirov,A (2705)/Las Palmas 1994/CBM 042/[Shirov] (1-0, 58).})
9... Nf4 {This way Black can reach ...f5, but the time spent by this knight
jumping around allows White to complete his development.} (9... f5 10. exf5 Nf4
(10... Bxf5 11. g4 Bxg4 12. fxg4 Qh4+ 13. Kd2 Ng3 14. hxg3 Qxh1 15. Bh3 $1 $16
{/\ g5}) 11. g4 $14 {/\} b5 12. cxb5 Bb7 13. Bc4 $1 Ng2+ 14. Kf2 Nxe3 15. Kxe3
{Shirov}) (9... a5 10. Qd2 $14 {/\ g4 Shirov}) 10. Qd2 f5 11. O-O-O fxe4 12.
fxe4 Bg4 13. Re1 c6 14. g3 Ng6 15. Bg2 cxd5 16. cxd5 Na6 17. Kb1 b5 18. Nh3 Nc5
19. Nf2 Bd7 20. Rc1 Rfc8 21. Rc2 a6 22. Rhc1 $16 {Marin,M (2511)-Ramiro
Ovejero,J (2269)/Solsona 2004 (1-0, 55). White's pair of bishops and his
spatial advantage ensure him the better chances.}) 9. exf5 Nf6 (9... exd4 10.
Qxd4 Nc6 11. Qd2 {was unanimously discarded by commentators because after} Bxf5
12. g4 {Black wins a piece. However, things are not that simple from the
practical point of view. I chanced to be a spectator of the following
interesting rapid game played on the Internet:} O-O-O 13. O-O-O $1 (13. gxf5 $2
Rde8 14. Kf2 (14. Ke2 $2 Nf4+ 15. Kf2 Qh4#) 14... Qh4+ $40) (13. gxh5 d5 $132)
13... d5 14. gxf5 $6 {After this move, Black gets sufficient compensation for
the piece.} ({It would have been useful to clear the e-file with} 14. Bg5 $5
Nf6 {and only now play} 15. gxf5 {. After} dxc4 {White can choose between} 16.
Re1 {and 16.Qe3, winning some time for the development of the kingside.}) 14...
dxc4 15. Qf2 (15. Qc3 $5 Rxd1+ 16. Kxd1 Rd8+ 17. Bd2 $13) 15... Rxd1+ 16. Kxd1
Rd8+ 17. Kc1 c3 $1 $40 {Hutters,T-Christiansen,L/rapid, worldchessnetwork 2001/
(0-1, 30). White's king is very vulnerable.}) 10. Ne2 {Faced by an unexpected
course of events from an early stage, Aronian prefers to develop rather than
stick to his small material advantage.} ({Although the refutation of} 10. g4 $5
{is not obvious, it is probable that it was part of the main course of
Shirov's home analysis.}) 10... exd4 {Black should hurry with this exchange.} (
{After} 10... Bxf5 11. Qd2 exd4 $6 {can already be met by} ({The relatively
best} 11... Nbd7 {looks a bit passive}) ({while} 11... Nc6 $2 {is simply bad
because of} 12. d5 $16 Nd8 13. Ng3 Bg6 14. Bd3 $1) 12. Nxd4 $16) 11. Bxd4 Bxf5
12. Qd2 Nc6 13. O-O-O ({White had no time to preserve the beauty of his
position with} 13. Bc3 {because of} Ne5 {[%cal Ye5d3]}) 13... O-O-O ({Black
should not hurry to eliminate the bishop either:} 13... Nxd4 $2 14. Nxd4 $16 {
[%csl Rf5][%cal Gd1e1]}) 14. g4 {Being incompletely developed, White should
refrain from such weakening of the structure.} ({This looks like a good moment
to preserve the bishop from exchange with} 14. Bc3 $5 {, clearing the
d4-square for the knight at the same time.} d5 (14... Ne4 $2 {, hoping for 15.
fxe4 Qxe4 with an attack does not work out well because of} 15. Qf4 $1 $18 {
and Black's pieces are hanging.}) (14... Rhe8 15. Nd4 $14) 15. Nd4 Nxd4 16.
Bxd4 c5 (16... Rhe8 17. c5 $14) 17. Bxf6 Qxf6 18. cxd5 $14 {Black has to work
hard to retrieve the sacrificed pawn and his king is also exposed now.}) 14...
Bg6 15. Nf4 ({Now,} 15. Bc3 $2 {would be met by} Ne4 $1 {, because the black
bishop is safely placed on g6.}) 15... Nxd4 16. Qxd4 Kb8 17. h4 Bf7 18. Bd3 {
The position remains complicated but apparently balanced. Here is a possible
forced variation, leading to simplifications:} (18. Bd3 c5 19. Qf2 d5 20. g5
Qc7 (20... dxc4 21. gxf6 Qxf6 22. Qh2 $16 {[%csl Gb8]}) 21. Qh2 dxc4 22. gxf6
cxd3 23. fxg7 Rhg8 24. Nxd3 Qxh2 25. Rxh2 Rxg7 26. Nxc5 Rxd1+ 27. Kxd1 Bxa2 28.
b3 Rg1+ 29. Kd2 Bb1 $11) 1/2-1/2

[Event "Yerevan Asrian Memorial 1st"]
[Site "Yerevan"]
[Date "2008.06.13"]
[Round "9"]
[White "Aronian, Levon"]
[Black "Morozevich, Alexander"]
[Result "1-0"]
[WhiteElo "2763"]
[BlackElo "2774"]
[Annotator "Aronian,L"]
[PlyCount "111"]
[EventDate "2008.06.09"]
[EventType "tourn (rapid)"]
[EventRounds "14"]
[EventCountry "ARM"]
[EventCategory "19"]
[SourceTitle "CBM 124 Extra"]
[Source "ChessBase"]
[SourceDate "2008.07.03"]
[SourceVersion "1"]
[SourceVersionDate "2008.07.03"]
[SourceQuality "1"]

1. d4 d5 2. c4 c6 3. Nf3 Nf6 4. Nc3 a6 5. e3 e6 {Alexander chooses a line
which was very popular a couple of years ago. Like many such lines, at a
certain moment people stopped playing it, without any obvious reason.} 6. b3 {
6.c5 is a different, but equally good continuation.} Bb4 {Luring the bishop to
d2 is a standard idea for Black in many closed openings.} 7. Bd2 O-O 8. Bd3
Nbd7 9. O-O Bd6 {9...Qe7 is also played here.} 10. Rc1 {White prepares for the
move 10...e5.} (10. e4 {leads to sharper play.}) 10... e5 {Since not many
games have been played in this variation, it is hard to say what is best here.
Both 10...Re8 and the mysterious 10...h6 have also been played.} 11. cxd5 cxd5
12. dxe5 Nxe5 13. Nxe5 Bxe5 14. Ne2 {This is the idea of moving the rook from
a1. Now White threatens to exchange Black's only good piece by Bc3.} Bg4 {
A logical move. Black tries to exchange off his bad bishop.} ({It would be
interesting to play} 14... Ne4 {after which White must continue} 15. Bb4 Re8
16. f3 {The possible} Qh4 17. Nf4 g5 {is sharp, although Black's position
looks a little dubious.}) ({It is easy to see that} 14... Bxh2+ 15. Kxh2 Ng4+
16. Kg3 Ne5 {leads to nothing after} 17. Qc2 {.}) 15. f3 {Since after this, 16.
Bc3 cannot be prevented, I did not think too long.} Bh5 16. Bc3 Qd6 ({On} 16...
Re8 {White must continue} 17. Qd2 {. In principle, individual moves do not
change much in such positions. White has a stable advantage.}) 17. Bxe5 Qxe5
18. Qd2 Rfe8 {Natural, but not best. Now Black does not succeed in exchanging
a pair of rooks, which means losing control of the c-file.} ({Strongest was} 
18... Bg6 {with a slightly worse position.}) 19. Rc3 {Using a nice tactic,
White takes control of the centre.} Bg6 {Black exchanges bishops whilst he can,
although thois does not solve his problems.} ({Alexander possibly disliked} 
19... Rac8 {because of the forced piece sacrifice} 20. Rxc8 Rxc8 21. g4 Bg6 22.
f4 Qe7 23. f5 {. Even so, in my view this would be more interesting for Black.
Now he faces a difficult task.}) 20. Bxg6 {As in many such structures, it
favours White to double the black g-pawns. Now the black king lacks a
convenient post on g7.} hxg6 21. Qd4 {A good move. White threatens to occupy
the c-file.} Qe7 {A natural move in turn, but it proves inaccurate.} ({Black
has the possibility of} 21... Qe6 {, with the idea of luring the knight to f4,
when the queen retreats to e7, and he tries to attack White's centre with temo
by g5-g4. If White does not hit the queen, Black has better chances od defence,
since he can exchange a pair of rooks by ...Rac8.}) 22. Rfc1 Rad8 23. Kf2 {
White's play is very simple. By threatening exchanges, he gradually takes
cintrol of the important squares.} Qd6 24. h3 Rd7 {It is difficult to
recommend anything better than waiting tactics.} 25. Rc8 {A try-on.} Rde7 {
On 25...Rdd8 I would probably have come back to c3 and started advancing the
queenside pawns.} 26. R1c5 g5 {This move is quite out of place. Now Black's
position becomes technically lost.} ({He had to stick to patient defence with} 
26... Qd7 27. Rxe8+ Rxe8 28. Nf4 Rd8) 27. Qc3 Qe6 28. Rxe8+ Rxe8 (28... Nxe8 {
doesn't change much.}) 29. Nd4 Qe5 30. Rc8 {Having achieved a winning position
without any great effort, I relaxed.} ({Of course, it was stronger to play} 30.
Rc7 {and only after} Nh5 31. Rc8) 30... g6 31. Rxe8+ {A mistake. It was best
quietly to advance the pawn to a5.} Qxe8 {For some strange reason, Black also
errs.} ({After} 31... Nxe8 32. Qc8 Qe7 {White would have had to play very
accurately to convert his advantage. Now it is easier for White to find the
right continuation, because Black's pieces land up on bad squares.}) 32. Qc7
Qd7 33. Qe5 {The queen reaches a dominating position.} Nh7 {Now the knight is
dreadful. More stubborn is 33...Qd8 with the idea of keeping the knight on e8.}
34. a4 {It was also possible to start with the knight transfer, but I realised
that there was no hurry.} Qd8 ({After} 34... f6 35. Qe6+ {Black's position is
even worse.}) 35. Ne2 {Despite his inaccuracies, White has an extremely good
position and now starts to benefit from his opponent's mistakes. The knight
tranfers from a blockading post to an attacking one, guaranteeing White the
win of a pawn.} Nf6 36. Nc3 Qb6 {The pawn cannot be defended and Alexander
decides to sacrifice it to activate his queen. White threatened to bring his
king to d3 and then start eating the pawns.} 37. Nxd5 {I liked the queen
ending with the weak pawn on g5 rather more than the other favourable endings.}
Nxd5 38. Qxd5 Qb4 39. a5 {Other routes to victory may be still more accurate,
but by now it is really just a matter of taste.} b5 40. axb6 Qxb6 41. Ke2 Qc7
42. b4 Qc2+ 43. Qd2 Qb3 44. Kf2 {Given that Black cannot really do anything, I
decided not to hurry.} Kh7 45. Kg1 Qc4 46. e4 Kg7 47. Qd6 Qc1+ 48. Kh2 Qc3 {
The move 48...Qe3 was the only way to prolong resistance.} 49. e5 {A necessary
move.} Qc4 50. Qf6+ {A typical cheap trick. Stronger is 50.Kg1 followed by
bringing the king to the centre, with the aim of targetting the a6-pawn.} Kg8 {
After 50...Kh7 I would probably have taken the queen back to d6 and returned
to the normal plan.} 51. e6 Qc7+ ({The pawn ending arising after} 51... Qxe6
52. Qxe6 fxe6 {is lost, as can be seen easily after} 53. Kg3 {followed by Kg4
and f4, and the passed pawn decides the game.}) 52. f4 gxf4 53. exf7+ Qxf7 54.
Qxa6 Kg7 55. Qc6 Qb3 {An oversight in a lost mistake. After 55...Kh7 56.Qc3
White wins, although it would have taken longer.} 56. Qc7+ {After the loss of
the f4-pawn, it is all over, and therefore Alexander resigned.} 1-0

[Event "Sochi FIDE GP"]
[Site "Sochi"]
[Date "2008.08.11"]
[Round "10"]
[White "Cheparinov, Ivan"]
[Black "Aronian, Levon"]
[Result "0-1"]
[WhiteElo "2687"]
[BlackElo "2737"]
[Annotator "Postny,E"]
[PlyCount "82"]
[EventDate "2008.07.31"]
[EventType "tourn"]
[EventRounds "13"]
[EventCountry "RUS"]
[EventCategory "19"]
[SourceTitle "CBM 126"]
[Source "ChessBase"]
[SourceDate "2008.10.01"]
[SourceVersion "1"]
[SourceVersionDate "2008.10.01"]
[SourceQuality "1"]

1. d4 d5 2. c4 c6 3. Nf3 Nf6 4. e3 Bg4 5. h3 Bxf3 ({The complications that
arise after} 5... Bh5 6. Nc3 e6 7. g4 Bg6 8. Ne5 {usually favour White.}) 6.
Qxf3 e6 7. Bd3 ({White can also choose a more challenging setup:} 7. Nc3 Nbd7
8. Bd2 {followed by queenside castling.}) 7... Nbd7 8. O-O Bd6 9. Nc3 O-O {
White has a pair of bishops, but Black's position has no weaknesses.
Objectively, the position is very close to equal.} 10. Bd2 Re8 11. Qd1 {
The white queen can achieve nothing on f3, where it might be attacked by
e6-e5-e4, and it is transfered to either c2 or b3, according to circumstances.}
dxc4 (11... Bc7 12. Qc2 (12. Qb3 dxc4 13. Bxc4 Nb6 14. Be2 e5 15. dxe5 Bxe5 16.
Rad1 Qe7 $11) 12... Rc8 13. Rad1 Qe7 14. Rfe1 e5 15. cxd5 e4 16. Bf1 cxd5 17.
Qb3 Nb6 18. Nb5 Bb8 19. Rc1 Qe6 20. Bb4 {1/2-1/2 Cheparinov,I (2713)-Movsesian,
S (2677)/Wijk aan Zee NED 2008/The Week in Chess 688}) 12. Bxc4 Qe7 $146 {
Levon improves on his own play. Black prepares the e6-e5 advance which was
impossible right away in view of Qd1-b3. The move 12...a6, previously played
by him, seems to me to be less useful.} (12... a6 13. Qc2 (13. a4 $6 {This
move weakens the b4-square.} c5 14. dxc5 Nxc5 15. Qc2 Rc8 16. Rfd1 Qe7 17. Rac1
Rc7 18. Be1 Rec8 19. Be2 h6 $11 {1/2-1/2 Ivanchuk,V (2740)-Aronian,L (2763)/
Sofia BUL 2008/The Week in Chess 706 (26)}) 13... c5 14. dxc5 Nxc5 15. Rfd1 Rc8
16. Be1 Qe7 17. Rac1 Rc7 18. Be2 Rec8 19. Qb1 h6 20. Bf3 g6 21. Ne2 Rb8 22. Nf4
$14 {1-0 Ivanchuk,V (2781)-Aronian,L (2737)/Sochi RUS 2008/The Week in Chess
717 (44)}) 13. Qc2 ({Black doesn't experience any difficulties after} 13. Qb3
Nb6 14. Be2 e5 {as well.}) 13... e5 14. Rae1 $6 {I don't like this move. I
think that White should develop his rooks to d1 and e1 respectively. The move
in the text could be justified only in the event that White manages to open
the f-file but, this can happen only with Black's assistance.} (14. Rfe1 Rad8
15. Rad1 Bb8 (15... Nb6 16. Bb3 e4 17. a4 Nbd5 {is equal but, White is not
worse here compared to the game.}) 16. Ne4 Nxe4 17. Qxe4 Nb6 18. Bb3 exd4 19.
Qxe7 Rxe7 20. exd4 {and White is very slightly better thanks to his great
light-squared bishop.}) 14... Rad8 (14... e4 $2 {would play into White's hands.
} 15. f3 exf3 16. Rxf3 $36) 15. Bb3 (15. f4 $6 {creates weaknesses only for
White.} exd4 16. exd4 Qf8 17. Bb3 Bc7 $1 18. Na4 (18. d5 Qc5+ 19. Kh2 Nxd5 20.
Nxd5 Qxc2 21. Bxc2 cxd5 $15) 18... b5 19. Nc5 Qd6 $15 {[%csl Rd4]}) 15... Bb8
16. Ne2 (16. Ne4 exd4 17. Nxf6+ (17. Ng5 $2 {[%csl Rf7]} d3 $1 18. Qxd3 Ne5 19.
Qc3 h6 $19) 17... Qxf6 18. exd4 Qxd4 19. Bc3 Qd6 20. g3 {with sufficient
compensation for the pawn at best.}) 16... Qd6 17. g3 Nb6 18. Qf5 $6 {This
queen move is suspicious.} (18. dxe5 $2 Qxd2 19. Qxd2 Rxd2 20. exf6 gxf6 $17 {
[%csl Rb2]}) (18. a3 e4 (18... c5 $6 19. dxc5 Qxd2 20. cxb6 Qxc2 21. Bxc2 Rd2
22. Ba4 Rf8 23. bxa7 Bxa7 24. Nc3 Rxb2 25. Rb1 $14) 19. Rc1 Nbd5 {is obviously
fine for Black, but his kingside offensive is far from being dangerous. For
instance, an attempt at transfering the queen to f3 does not work:} 20. Nc3 Qd7
21. Kg2 Qf5 $6 22. f4) 18... Nbd5 19. Qf3 e4 20. Qg2 h5 21. Nf4 g6 {Protecting
the Ph5 and preparing the transfer of the Nf6 to better pastures.} (21... h4 $6
22. Nxd5 cxd5 23. gxh4 Re6 24. Bd1 Nh7 25. h5 Ng5 26. f4 exf3 27. Bxf3 {
and it won't be easy for Black to justify the pawn sacrifice.}) 22. Rc1 Nh7 23.
Ba5 {Trying to provoke a concession on the queenside.} (23. Nxd5 cxd5 24. h4
$11 {would have been safer.}) 23... b6 24. Bd2 Ng5 25. Bd1 h4 26. gxh4 {
This looks nervous but, actually, this move is not bad, the decisive mistake
came a bit later...} (26. Nxd5 Qxd5 27. gxh4 Nf3+ 28. Bxf3 exf3 29. Qg4 Qd6 30.
Qg3 Qf6 31. Qg4 Kg7 $17 {[%cal Ge8h8]}) ({It was possible to play a "waiting"
move} 26. Kh1 $5 {even though White's position looks somewhat cramped.}) 26...
Nxf4 27. exf4 Ne6 28. h5 $2 {Wrong push.} (28. f5 {could keep the tension in
the game. Here is how the game could continue:} Nxd4 29. fxg6 fxg6 (29... f5 $2
30. Bg5 Rd7 31. h5 f4 32. h4 f3 33. Qh3 $16) 30. Rc3 $1 {[%cal Gc3g3]} Kh7 (
30... Nb5 31. Rc1 Qxd2 32. Qxg6+ Kh8 33. Qf6+ Kh7 34. Qf7+ Kh6 35. Qf6+ {
with a perpetual check.}) 31. Bg5 Rd7 32. h5 gxh5 33. Bxh5 Rg8 34. h4 $13)
28... Nxd4 29. Be3 c5 30. Bxd4 ({Now even the exchange of queens would not
make White's life much easier.} 30. hxg6 Qxg6 31. Qxg6+ fxg6 $17 {[%csl Rf4]
[%cal Ge8f8]}) 30... cxd4 31. Ba4 Re7 32. Rc6 (32. f5 {Now it's too late.} g5
$1 33. h4 (33. Qxg5+ Kh7 $19 {[%cal Gd8g8,Gd6h2]}) 33... g4 34. Rc6 Qf4 35. Bd1
Kh8 $1 {is lost for White. His doubled pawns on the kingside look terrible
compared to Black's proud central pawns.}) 32... Qxf4 33. hxg6 f5 {Black's
monarch feels quite safe behind the white pawn.} 34. Rfc1 d3 35. Rc8 {The
exchange of rooks makes Black's task easier but, White's position is lost
anyway.} Kg7 $1 36. R1c4 Rxc8 37. Rxc8 Rc7 38. Rxc7+ Bxc7 39. Bd7 a6 40. h4 b5
41. Qh3 d2 0-1

[Event "Sochi FIDE GP"]
[Site "Sochi"]
[Date "2008.08.12"]
[Round "11"]
[White "Aronian, Levon"]
[Black "Gelfand, Boris"]
[Result "1-0"]
[WhiteElo "2737"]
[BlackElo "2720"]
[PlyCount "51"]
[EventDate "2008.07.31"]
[EventType "tourn"]
[EventRounds "13"]
[EventCountry "RUS"]
[EventCategory "19"]
[SourceTitle "CBM 126"]
[Source "ChessBase"]
[SourceDate "2008.10.01"]
[SourceVersion "1"]
[SourceVersionDate "2008.10.01"]
[SourceQuality "1"]

1. d4 Nf6 2. c4 e6 3. Nf3 b6 4. g3 Ba6 5. b3 Bb4+ 6. Bd2 Be7 7. Bg2 c6 8. Bc3
d5 9. Ne5 Nfd7 10. Nxd7 Nxd7 11. Nd2 O-O 12. O-O Rc8 13. e4 c5 14. exd5 exd5
15. dxc5 dxc4 16. cxb6 Nxb6 17. Re1 cxb3 18. Qxb3 Nd7 19. Nf3 Bc4 20. Qb2 Bf6
21. Bxf6 Nxf6 22. Ne5 Bd5 23. Rad1 Qa5 24. Bxd5 Nxd5 25. Nd7 Rfd8 $2 (25...
Rfe8 26. Re5 Qb4 $11) 26. Qe5 $1 1-0